| 000 | 01260nam a2200313 a 4500 | ||
|---|---|---|---|
| 001 | 000042328 | ||
| 005 | 20201002040101.0 | ||
| 008 | 131125s2013 dr ad 000 0 spa d | ||
| 020 | _a9789945885675 | ||
| 040 |
_aDO-SdBNP _bspa _cBNPHU |
||
| 082 |
_a368.7071 _bO96L |
||
| 100 | 1 |
_aOviedo, Rosa Divina _969385 |
|
| 245 | 1 | 3 |
_aLos líderes de la prevención de riesgos / _cRosa Divina Oviedo, Misael Ventura. |
| 260 |
_aSanto Domingo, : _bMinisterio de Educación, _c2013. |
||
| 300 |
_a[60] p. : _bil., gráfcs. ; _c28 cm. |
||
| 490 | 1 |
_aManual Metodológico para trabajar la Gestión del Riesgo en el Aula. Nivel Medio _v5 |
|
| 490 | 1 | _aManuales Educativos | |
| 504 | _aBibliografía p: 42 | ||
| 590 | _aInventariado, 2018/LP | ||
| 650 | 4 |
_aPrevención de desastres naturales _xEnseñanza _969386 |
|
| 650 | 4 |
_aEscuelas _xAdministración de riesgos _xEnseñanza _969387 |
|
| 650 | 4 |
_aEducación en seguridad _969388 |
|
| 650 | 4 |
_aPrevención de accidentes escolares _969389 |
|
| 650 | 4 |
_aLiderazgo _xEnseñanza _953634 |
|
| 700 | 1 |
_aVentura, Misael _969390 |
|
| 830 | 0 |
_aManual Metodologíco para trabajar la Gestión del Riesgo en el Aula. Nivel Medio ; _v5 _969391 |
|
| 830 | 0 |
_aManuales Educativos _969392 |
|
| 910 | _aValidado. Control de calidad EMS | ||
| 999 |
_c41817 _d41817 |
||